[Event "DEM U12w 2023"]
[Site "Willingen GER"]
[Date "2023.06.03"]
[Round "9"]
[White "Czäczine, Paula"]
[Black "Mehner, Clara"]
[Result "1-0"]
[Termination "normal"]
[Board "1"]
[WhiteElo "1549"]
[BlackElo "1250"]
[WhiteClock "00:04:08"]
[BlackClock "00:04:39"]
[PlyCount "91"]
[WhiteFideId "16249305"]
[BlackFideId "34612165"]
[EventCountry "GER"]
[EventRounds "9"]
[EventType "swiss"]
[EventDate "2023.05.27"]

1. e4 {[%clk 01:30:58]} Nc6 {[%clk 01:30:53]} {[%emt 00:00:08]} 2. Nf3 {[%clk
01:30:16]} {[%emt 00:01:12]} d5 {[%clk 01:31:05]} {[%emt 00:00:17]} 3. exd5
{[%clk 01:30:25]} {[%emt 00:00:22]} Qxd5 {[%clk 01:31:23]} {[%emt 00:00:12]} 4.
Nc3 {[%clk 01:30:12]} {[%emt 00:00:43]} Qa5 {[%clk 01:31:20]} {[%emt 00:00:32]}
5. d4 {[%clk 01:27:41]} {[%emt 00:03:01]} Bg4 {[%clk 01:30:50]} {[%emt
00:01:01]} 6. Be2 {[%clk 01:24:00]} {[%emt 00:04:12]} O-O-O {[%clk 01:28:59]}
{[%emt 00:02:20]} 7. Be3 {[%clk 01:08:47]} {[%emt 00:15:43]} Nf6 {[%clk
01:27:58]} {[%emt 00:01:31]} 8. O-O {[%clk 01:06:12]} {[%emt 00:03:05]} e5
{[%clk 01:26:39]} {[%emt 00:01:49]} 9. Ng5 {[%clk 00:54:17]} {[%emt 00:12:26]}
Bxe2 {[%clk 01:26:09]} {[%emt 00:00:59]} 10. Qxe2 {[%clk 00:51:46]} {[%emt
00:03:02]} exd4 {[%clk 01:24:53]} {[%emt 00:01:45]} 11. Nxf7 {[%clk 00:51:44]}
{[%emt 00:00:32]} dxe3 {[%clk 01:24:32]} {[%emt 00:00:51]} 12. Nxd8 {[%clk
00:48:59]} {[%emt 00:03:15]} exf2+ {[%clk 01:24:12]} {[%emt 00:00:51]} 13. Rxf2
{[%clk 00:48:50]} {[%emt 00:00:38]} Nxd8 {[%clk 01:23:21]} {[%emt 00:01:21]}
14. Rf3 {[%clk 00:44:23]} {[%emt 00:04:57]} Bc5+ {[%clk 01:17:24]} {[%emt
00:06:26]} 15. Kh1 {[%clk 00:44:27]} {[%emt 00:00:27]} h5 {[%clk 00:59:20]}
{[%emt 00:18:33]} 16. a3 {[%clk 00:40:10]} {[%emt 00:04:47]} h4 {[%clk
00:53:54]} {[%emt 00:05:56]} 17. Rd1 {[%clk 00:35:14]} {[%emt 00:05:26]} Bb6
{[%clk 00:34:28]} {[%emt 00:19:56]} 18. Qe7 {[%clk 00:28:31]} {[%emt 00:07:14]}
Qg5 {[%clk 00:27:22]} {[%emt 00:07:35]} 19. Rfd3 {[%clk 00:21:10]} {[%emt
00:07:52]} c6 {[%clk 00:25:04]} {[%emt 00:02:48]} 20. Na4 {[%clk 00:17:07]}
{[%emt 00:04:33]} Bc7 {[%clk 00:20:14]} {[%emt 00:05:19]} 21. Nc5 {[%clk
00:15:36]} {[%emt 00:02:01]} Nf7 {[%clk 00:13:17]} {[%emt 00:07:27]} 22. Qxf7
{[%clk 00:07:23]} {[%emt 00:08:43]} Qxc5 {[%clk 00:13:27]} {[%emt 00:00:21]}
23. Qxg7 {[%clk 00:07:29]} {[%emt 00:00:24]} Rf8 {[%clk 00:13:06]} {[%emt
00:00:50]} 24. b4 {[%clk 00:06:56]} {[%emt 00:01:04]} Rg8 {[%clk 00:10:01]}
{[%emt 00:03:35]} 25. Qxg8+ {[%clk 00:06:19]} {[%emt 00:01:07]} Nxg8 {[%clk
00:10:11]} {[%emt 00:00:20]} 26. bxc5 {[%clk 00:06:42]} {[%emt 00:00:07]} Nf6
{[%clk 00:09:47]} {[%emt 00:00:53]} 27. Rf3 {[%clk 00:06:19]} {[%emt 00:00:54]}
Be5 {[%clk 00:08:42]} {[%emt 00:01:34]} 28. Re1 {[%clk 00:05:41]} {[%emt
00:01:09]} Nd7 {[%clk 00:08:02]} {[%emt 00:01:10]} 29. Rf7 {[%clk 00:05:18]}
{[%emt 00:00:52]} Bf6 {[%clk 00:07:06]} {[%emt 00:01:27]} 30. Re6 {[%clk
00:04:20]} {[%emt 00:01:27]} Bg5 {[%clk 00:06:29]} {[%emt 00:01:07]} 31. Rg6
{[%clk 00:03:36]} {[%emt 00:01:15]} Bd8 {[%clk 00:06:20]} {[%emt 00:00:39]} 32.
Rf5 {[%clk 00:02:21]} {[%emt 00:01:45]} a6 {[%clk 00:05:07]} {[%emt 00:01:43]}
33. Kg1 {[%clk 00:02:26]} {[%emt 00:00:25]} Kc7 {[%clk 00:04:53]} {[%emt
00:00:44]} 34. Rg7 {[%clk 00:02:16]} {[%emt 00:00:40]} Kc8 {[%clk 00:04:55]}
{[%emt 00:00:28]} 35. Kf2 {[%clk 00:02:27]} {[%emt 00:00:18]} b6 {[%clk
00:04:17]} {[%emt 00:01:09]} 36. cxb6 {[%clk 00:02:07]} {[%emt 00:00:50]} Bxb6+
{[%clk 00:04:27]} {[%emt 00:00:20]} 37. Kf3 {[%clk 00:01:43]} {[%emt 00:00:53]}
a5 {[%clk 00:03:56]} {[%emt 00:01:02]} 38. Kg4 {[%clk 00:01:53]} {[%emt
00:00:19]} Bc5 {[%clk 00:03:28]} {[%emt 00:00:57]} 39. Rxd7 {[%clk 00:01:19]}
{[%emt 00:01:06]} Kxd7 {[%clk 00:03:48]} {[%emt 00:00:11]} 40. Rxc5 {[%clk
00:01:44]} {[%emt 00:00:04]} a4 {[%clk 00:04:00]} {[%emt 00:00:17]} 41. Kxh4
{[%clk 00:02:05]} {[%emt 00:00:09]} Kc7 {[%clk 00:03:18]} {[%emt 00:01:12]} 42.
g4 {[%clk 00:02:28]} {[%emt 00:00:08]} Kd7 {[%clk 00:03:40]} {[%emt 00:00:07]}
43. g5 {[%clk 00:02:54]} {[%emt 00:00:04]} Ke7 {[%clk 00:04:02]} {[%emt
00:00:08]} 44. Rf5 {[%clk 00:03:19]} {[%emt 00:00:06]} Ke6 {[%clk 00:04:18]}
{[%emt 00:00:14]} 45. Rf1 {[%clk 00:03:42]} {[%emt 00:00:07]} c5 {[%clk
00:04:39]} {[%emt 00:00:09]} 46. g6 {[%clk 00:04:08]} {[%emt 00:00:04]} 1-0

[Event "DEM U12w 2023"]
[Site "Willingen GER"]
[Date "2023.06.03"]
[Round "9"]
[White "Wagner, Cosima Thien-An"]
[Black "Rössling, Laura Marie"]
[Result "1-0"]
[Termination "normal"]
[Board "2"]
[WhiteElo "1565"]
[BlackElo "1312"]
[WhiteClock "00:18:40"]
[BlackClock "00:46:14"]
[PlyCount "115"]
[WhiteFideId "34603484"]
[BlackFideId "16289471"]
[EventCountry "GER"]
[EventRounds "9"]
[EventType "swiss"]
[EventDate "2023.05.27"]

1. e4 {[%clk 01:30:59]} d5 {[%clk 01:30:38]} {[%emt 00:00:22]} 2. exd5 {[%clk
01:31:23]} {[%emt 00:00:06]} Qxd5 {[%clk 01:30:57]} {[%emt 00:00:11]} 3. Nc3
{[%clk 01:31:47]} {[%emt 00:00:06]} Qa5 {[%clk 01:31:08]} {[%emt 00:00:19]} 4.
Nf3 {[%clk 01:32:00]} {[%emt 00:00:17]} Nf6 {[%clk 01:31:17]} {[%emt 00:00:20]}
5. Bc4 {[%clk 01:31:55]} {[%emt 00:00:36]} Nc6 {[%clk 01:31:32]} {[%emt
00:00:15]} 6. O-O {[%clk 01:32:11]} {[%emt 00:00:14]} Bg4 {[%clk 01:31:48]}
{[%emt 00:00:13]} 7. h3 {[%clk 01:31:20]} {[%emt 00:01:22]} Bh5 {[%clk
01:32:08]} {[%emt 00:00:09]} 8. Be2 {[%clk 01:27:08]} {[%emt 00:04:43]} O-O-O
{[%clk 01:27:13]} {[%emt 00:05:26]} 9. d3 {[%clk 01:25:47]} {[%emt 00:01:50]}
h6 {[%clk 01:22:01]} {[%emt 00:05:42]} 10. Nh2 {[%clk 01:22:18]} {[%emt
00:03:59]} Bxe2 {[%clk 01:18:35]} {[%emt 00:03:56]} 11. Qxe2 {[%clk 01:21:28]}
{[%emt 00:01:21]} e6 {[%clk 01:17:22]} {[%emt 00:01:42]} 12. a3 {[%clk
01:19:13]} {[%emt 00:02:45]} g5 {[%clk 01:16:26]} {[%emt 00:01:21]} 13. Bd2
{[%clk 01:06:53]} {[%emt 00:12:55]} Nd4 {[%clk 01:12:54]} {[%emt 00:04:00]} 14.
Qd1 {[%clk 01:05:53]} {[%emt 00:01:32]} Qf5 {[%clk 01:10:21]} {[%emt 00:02:56]}
15. Ne2 {[%clk 00:49:55]} {[%emt 00:16:35]} Nxe2+ {[%clk 01:06:29]} {[%emt
00:04:22]} 16. Qxe2 {[%clk 00:50:18]} {[%emt 00:00:08]} h5 {[%clk 01:04:48]}
{[%emt 00:02:10]} 17. Bc3 {[%clk 00:39:36]} {[%emt 00:11:12]} Rh6 {[%clk
00:57:40]} {[%emt 00:07:28]} 18. Qe5 {[%clk 00:32:25]} {[%emt 00:07:51]} Qxe5
{[%clk 00:45:48]} {[%emt 00:12:22]} 19. Bxe5 {[%clk 00:32:46]} {[%emt
00:00:09]} Rd5 {[%clk 00:45:04]} {[%emt 00:01:10]} 20. f4 {[%clk 00:29:47]}
{[%emt 00:03:33]} g4 {[%clk 00:43:25]} {[%emt 00:02:09]} 21. Bxf6 {[%clk
00:29:44]} {[%emt 00:00:33]} g3 {[%clk 00:42:40]} {[%emt 00:01:14]} 22. Be5
{[%clk 00:26:57]} {[%emt 00:03:17]} Bc5+ {[%clk 00:42:36]} {[%emt 00:00:34]}
23. Kh1 {[%clk 00:26:22]} {[%emt 00:01:06]} gxh2 {[%clk 00:42:53]} {[%emt
00:00:13]} 24. Kxh2 {[%clk 00:26:40]} {[%emt 00:00:12]} f6 {[%clk 00:43:02]}
{[%emt 00:00:21]} 25. Bc3 {[%clk 00:26:42]} {[%emt 00:00:28]} Rf5 {[%clk
00:42:35]} {[%emt 00:00:53]} 26. Rae1 {[%clk 00:25:18]} {[%emt 00:01:58]} Kd7
{[%clk 00:41:39]} {[%emt 00:01:25]} 27. Re4 {[%clk 00:17:09]} {[%emt 00:08:40]}
Bd6 {[%clk 00:34:15]} {[%emt 00:07:53]} 28. Bb4 {[%clk 00:13:43]} {[%emt
00:03:57]} c5 {[%clk 00:33:20]} {[%emt 00:01:25]} 29. Bd2 {[%clk 00:14:01]}
{[%emt 00:00:11]} Rg6 {[%clk 00:33:04]} {[%emt 00:00:43]} 30. g3 {[%clk
00:08:46]} {[%emt 00:05:49]} e5 {[%clk 00:31:29]} {[%emt 00:01:49]} 31. Kg2
{[%clk 00:06:55]} {[%emt 00:02:37]} h4 {[%clk 00:31:30]} {[%emt 00:00:29]} 32.
g4 {[%clk 00:06:36]} {[%emt 00:00:49]} exf4 {[%clk 00:29:04]} {[%emt 00:02:55]}
33. Bxf4 {[%clk 00:06:52]} {[%emt 00:00:14]} Bxf4 {[%clk 00:26:21]} {[%emt
00:03:13]} 34. Rexf4 {[%clk 00:07:09]} {[%emt 00:00:14]} Rxf4 {[%clk 00:26:37]}
{[%emt 00:00:14]} 35. Rxf4 {[%clk 00:07:34]} {[%emt 00:00:04]} Ke6 {[%clk
00:26:28]} {[%emt 00:00:33]} 36. Kf3 {[%clk 00:07:08]} {[%emt 00:01:03]} Rg5
{[%clk 00:25:03]} {[%emt 00:01:54]} 37. Re4+ {[%clk 00:05:44]} {[%emt
00:01:55]} Kf7 {[%clk 00:24:45]} {[%emt 00:00:45]} 38. Ra4 {[%clk 00:02:56]}
{[%emt 00:03:20]} a6 {[%clk 00:24:36]} {[%emt 00:00:32]} 39. Re4 {[%clk
00:03:15]} {[%emt 00:00:19]} Rd5 {[%clk 00:22:49]} {[%emt 00:02:14]} 40. Ke3
{[%clk 00:01:43]} {[%emt 00:02:05]} Rd6 {[%clk 00:21:38]} {[%emt 00:01:36]} 41.
d4 {[%clk 00:27:23]} {[%emt 00:04:55]} cxd4+ {[%clk 00:49:49]} {[%emt
00:02:19]} 42. Rxd4 {[%clk 00:27:41]} {[%emt 00:00:11]} Re6+ {[%clk 00:50:07]}
{[%emt 00:00:12]} 43. Kd3 {[%clk 00:27:32]} {[%emt 00:00:39]} Rb6 {[%clk
00:48:46]} {[%emt 00:01:51]} 44. b3 {[%clk 00:23:42]} {[%emt 00:04:21]} Kg6
{[%clk 00:47:41]} {[%emt 00:01:32]} 45. Rd5 {[%clk 00:20:34]} {[%emt 00:03:41]}
Re6 {[%clk 00:46:01]} {[%emt 00:01:58]} 46. Rh5 {[%clk 00:19:37]} {[%emt
00:01:39]} Rd6+ {[%clk 00:44:41]} {[%emt 00:01:49]} 47. Kc3 {[%clk 00:19:11]}
{[%emt 00:00:56]} f5 {[%clk 00:44:06]} {[%emt 00:00:56]} 48. Rxf5 {[%clk
00:18:47]} {[%emt 00:01:04]} Re6 {[%clk 00:43:57]} {[%emt 00:00:32]} 49. Kd2
{[%clk 00:17:25]} {[%emt 00:01:58]} Rd6+ {[%clk 00:44:16]} {[%emt 00:00:11]}
50. Kc1 {[%clk 00:17:37]} {[%emt 00:00:19]} Re6 {[%clk 00:44:09]} {[%emt
00:00:35]} 51. Rh5 {[%emt 00:00:26]} Re1+ {[%clk 00:44:29]} {[%emt 00:00:07]}
52. Kb2 {[%clk 00:18:03]} {[%emt 00:00:12]} Rh1 {[%clk 00:44:50]} {[%emt
00:00:09]} 53. Rxh4 {[%clk 00:18:22]} {[%emt 00:00:13]} Kg5 {[%clk 00:45:09]}
{[%emt 00:00:09]} 54. Rh5+ {[%clk 00:17:57]} {[%emt 00:00:56]} Kf4 {[%clk
00:45:13]} {[%emt 00:00:23]} 55. a4 {[%clk 00:18:03]} {[%emt 00:00:26]} Kg3
{[%clk 00:45:30]} {[%emt 00:00:14]} 56. Rh7 {[%clk 00:18:17]} {[%emt 00:00:15]}
Rxh3 {[%clk 00:45:52]} {[%emt 00:00:08]} 57. Rxh3+ {[%clk 00:18:40]} {[%emt
00:00:07]} Kxh3 {[%clk 00:46:14]} {[%emt 00:00:08]} 58. g5 {[%emt 00:00:11]}
1-0

[Event "DEM U12w 2023"]
[Site "Willingen GER"]
[Date "2023.06.03"]
[Round "9"]
[White "Rafikova, Ailin"]
[Black "Ramakrishnan, Veda"]
[Result "1-0"]
[Termination "normal"]
[Board "3"]
[WhiteElo "1238"]
[BlackElo "1231"]
[WhiteClock "00:08:24"]
[BlackClock "00:42:27"]
[PlyCount "157"]
[WhiteFideId "34612173"]
[BlackFideId "16269519"]
[EventCountry "GER"]
[EventRounds "9"]
[EventType "swiss"]
[EventDate "2023.05.27"]

1. e4 {[%clk 01:30:46]} {[%emt 00:00:14]} c6 {[%clk 01:30:51]} {[%emt
00:00:11]} 2. d4 {[%clk 01:31:00]} {[%emt 00:00:14]} d5 {[%clk 01:31:11]}
{[%emt 00:00:10]} 3. Nd2 {[%clk 01:30:13]} {[%emt 00:01:17]} dxe4 {[%clk
01:31:28]} {[%emt 00:00:13]} 4. Nxe4 {[%clk 01:29:40]} {[%emt 00:01:03]} Nf6
{[%clk 01:31:33]} {[%emt 00:00:25]} 5. Nxf6+ {[%clk 01:29:00]} {[%emt
00:01:10]} exf6 {[%clk 01:31:52]} {[%emt 00:00:11]} 6. c3 {[%clk 01:28:03]}
{[%emt 00:01:27]} Bd6 {[%clk 01:32:07]} {[%emt 00:00:14]} 7. Bd3 {[%clk
01:26:09]} {[%emt 00:02:25]} O-O {[%clk 01:32:18]} {[%emt 00:00:19]} 8. Qc2
{[%clk 01:23:58]} {[%emt 00:02:41]} Re8+ {[%clk 01:32:17]} {[%emt 00:00:29]} 9.
Ne2 {[%clk 01:19:46]} {[%emt 00:04:44]} h5 {[%clk 01:31:51]} {[%emt 00:00:57]}
10. Bd2 {[%clk 01:15:39]} {[%emt 00:04:37]} Nd7 {[%clk 01:28:52]} {[%emt
00:03:29]} 11. h4 {[%clk 01:03:54]} {[%emt 00:12:14]} Nf8 {[%clk 01:28:17]}
{[%emt 00:01:03]} 12. O-O-O {[%clk 00:54:36]} {[%emt 00:09:50]} Be6 {[%clk
01:24:28]} {[%emt 00:04:19]} 13. Kb1 {[%clk 00:48:04]} {[%emt 00:07:02]} Qc7
{[%clk 01:15:00]} {[%emt 00:09:58]} 14. Nc1 {[%clk 00:36:17]} {[%emt 00:12:17]}
b6 {[%clk 01:08:27]} {[%emt 00:07:04]} 15. Bf5 {[%clk 00:30:16]} {[%emt
00:06:29]} g6 {[%clk 00:58:48]} {[%emt 00:10:11]} 16. Bxe6 {[%clk 00:26:41]}
{[%emt 00:04:04]} fxe6 {[%clk 00:57:15]} {[%emt 00:02:03]} 17. g3 {[%clk
00:22:59]} {[%emt 00:04:12]} a5 {[%clk 00:50:09]} {[%emt 00:07:37]} 18. Rhg1
{[%clk 00:20:43]} {[%emt 00:02:46]} f5 {[%clk 00:49:37]} {[%emt 00:01:00]} 19.
Ne2 {[%clk 00:16:55]} {[%emt 00:04:19]} c5 {[%clk 00:47:10]} {[%emt 00:02:58]}
20. Be3 {[%clk 00:15:11]} {[%emt 00:02:13]} Rac8 {[%clk 00:45:12]} {[%emt
00:02:27]} 21. f3 {[%clk 00:13:01]} {[%emt 00:02:42]} cxd4 {[%clk 00:42:42]}
{[%emt 00:02:58]} 22. Bxd4 {[%clk 00:11:59]} {[%emt 00:01:34]} e5 {[%clk
00:39:38]} {[%emt 00:03:34]} 23. Bf2 {[%clk 00:10:41]} {[%emt 00:01:47]} e4
{[%clk 00:38:17]} {[%emt 00:01:52]} 24. fxe4 {[%clk 00:09:37]} {[%emt
00:01:34]} Rxe4 {[%clk 00:37:36]} {[%emt 00:01:10]} 25. Nd4 {[%clk 00:09:13]}
{[%emt 00:00:55]} Re5 {[%emt 00:09:00]} 26. Nf3 {[%clk 00:08:00]} {[%emt
00:01:37]} Re7 {[%clk 00:23:17]} {[%emt 00:07:31]} 27. Qb3+ {[%clk 00:07:32]}
{[%emt 00:00:58]} Ne6 {[%clk 00:14:35]} {[%emt 00:09:12]} 28. Ng5 {[%clk
00:06:06]} {[%emt 00:01:56]} Rce8 {[%clk 00:14:09]} {[%emt 00:00:55]} 29. Nxe6
{[%clk 00:05:34]} {[%emt 00:01:03]} Rxe6 {[%clk 00:14:29]} {[%emt 00:00:10]}
30. Qxb6 {[%clk 00:04:54]} {[%emt 00:01:10]} Qxb6 {[%clk 00:12:25]} {[%emt
00:02:34]} 31. Bxb6 {[%clk 00:05:09]} {[%emt 00:00:15]} Bxg3 {[%clk 00:12:30]}
{[%emt 00:00:26]} 32. Rxg3 {[%clk 00:04:19]} {[%emt 00:01:19]} Rxb6 {[%clk
00:12:54]} {[%emt 00:00:07]} 33. Rdg1 {[%clk 00:04:07]} {[%emt 00:00:41]} Kf7
{[%clk 00:12:56]} {[%emt 00:00:28]} 34. R3g2 {[%clk 00:03:18]} {[%emt
00:01:18]} Re4 {[%clk 00:12:59]} {[%emt 00:00:28]} 35. Rh1 {[%clk 00:03:19]}
{[%emt 00:00:28]} a4 {[%clk 00:12:35]} {[%emt 00:00:54]} 36. a3 {[%clk
00:03:20]} {[%emt 00:00:30]} Rd6 {[%clk 00:10:16]} {[%emt 00:02:49]} 37. Kc2
{[%clk 00:02:31]} {[%emt 00:01:19]} Re3 {[%clk 00:09:46]} {[%emt 00:01:01]} 38.
Rf2 {[%clk 00:02:21]} {[%emt 00:00:38]} Rdd3 {[%clk 00:09:21]} {[%emt
00:00:55]} 39. Rf4 {[%clk 00:01:44]} {[%emt 00:01:08]} Rd5 {[%clk 00:05:10]}
{[%emt 00:04:40]} 40. Rxa4 {[%clk 00:01:30]} {[%emt 00:00:44]} Re2+ {[%clk
00:05:15]} {[%emt 00:00:26]} 41. Kb1 {[%clk 00:26:57]} {[%emt 00:05:36]} Rdd2
{[%clk 00:35:07]} {[%emt 00:00:39]} 42. Rb4 {[%clk 00:26:15]} {[%emt 00:01:11]}
Rf2 {[%clk 00:34:21]} {[%emt 00:01:17]} 43. a4 {[%clk 00:21:31]} {[%emt
00:05:12]} f4 {[%clk 00:34:16]} {[%emt 00:00:35]} 44. a5 {[%clk 00:17:41]}
{[%emt 00:04:20]} Rd5 {[%clk 00:33:42]} {[%emt 00:01:05]} 45. Ra4 {[%clk
00:13:59]} {[%emt 00:04:12]} Rb5 {[%clk 00:33:24]} {[%emt 00:00:48]} 46. b4
{[%clk 00:05:41]} {[%emt 00:08:48]} Rf3 {[%clk 00:32:55]} {[%emt 00:01:00]} 47.
a6 {[%clk 00:02:42]} {[%emt 00:03:28]} Rb8 {[%clk 00:32:02]} {[%emt 00:01:24]}
48. Kc2 {[%clk 00:02:16]} {[%emt 00:00:55]} Rc8 {[%clk 00:32:15]} {[%emt
00:00:17]} 49. a7 {[%clk 00:01:02]} {[%emt 00:01:44]} Rfxc3+ {[%clk 00:32:12]}
{[%emt 00:00:33]} 50. Kb2 {[%clk 00:01:06]} {[%emt 00:00:26]} Rc2+ {[%clk
00:32:34]} {[%emt 00:00:09]} 51. Kb1 {[%clk 00:01:12]} {[%emt 00:00:24]} f3
{[%clk 00:32:42]} {[%emt 00:00:22]} 52. a8=Q {[%clk 00:01:21]} {[%emt
00:00:21]} Rxa8 {[%clk 00:33:04]} {[%emt 00:00:07]} 53. Rxa8 {[%clk 00:01:31]}
{[%emt 00:00:19]} Re2 {[%clk 00:33:27]} {[%emt 00:00:07]} 54. Ra2 {[%clk
00:01:26]} {[%emt 00:00:35]} Re4 {[%clk 00:33:42]} {[%emt 00:00:16]} 55. Rb2
{[%clk 00:01:08]} {[%emt 00:00:48]} Ke6 {[%clk 00:34:04]} {[%emt 00:00:07]} 56.
b5 {[%clk 00:00:45]} {[%emt 00:00:53]} Kd6 {[%clk 00:33:59]} {[%emt 00:00:36]}
57. b6 {[%clk 00:01:03]} {[%emt 00:00:12]} Re8 {[%clk 00:34:14]} {[%emt
00:00:16]} 58. b7 {[%clk 00:01:27]} {[%emt 00:00:05]} Rb8 {[%clk 00:34:40]}
{[%emt 00:00:04]} 59. Rf1 {[%clk 00:01:41]} {[%emt 00:00:16]} Kc6 {[%clk
00:35:03]} {[%emt 00:00:08]} 60. Rxf3 {[%clk 00:01:52]} {[%emt 00:00:17]} Rxb7
{[%clk 00:34:31]} {[%emt 00:02:19]} 61. Rxb7 {[%clk 00:02:12]} {[%emt
00:00:10]} Kxb7 {[%emt 00:00:08]} 62. Rf6 {[%clk 00:02:30]} {[%emt 00:00:10]}
Kc7 {[%clk 00:35:19]} {[%emt 00:00:06]} 63. Rxg6 {[%clk 00:02:53]} {[%emt
00:00:06]} Kd7 {[%clk 00:35:34]} {[%emt 00:00:17]} 64. Kc2 {[%clk 00:03:15]}
{[%emt 00:00:07]} Kc7 {[%clk 00:36:01]} {[%emt 00:00:04]} 65. Kc3 {[%clk
00:03:37]} {[%emt 00:00:06]} Kd7 {[%clk 00:36:30]} {[%emt 00:00:04]} 66. Kd4
{[%clk 00:03:56]} {[%emt 00:00:08]} Kc7 {[%clk 00:36:59]} {[%emt 00:00:02]} 67.
Kd5 {[%clk 00:04:17]} {[%emt 00:00:08]} Kb7 {[%clk 00:37:27]} {[%emt 00:00:03]}
68. Kc5 {[%clk 00:04:39]} {[%emt 00:00:07]} Ka7 {[%clk 00:37:56]} {[%emt
00:00:02]} 69. Kb5 {[%clk 00:05:00]} {[%emt 00:00:07]} Kb7 {[%clk 00:38:24]}
{[%emt 00:00:03]} 70. Rg7+ {[%clk 00:05:22]} {[%emt 00:00:07]} Kc8 {[%clk
00:38:52]} {[%emt 00:00:04]} 71. Kb6 {[%clk 00:05:45]} {[%emt 00:00:06]} Kd8
{[%clk 00:39:19]} {[%emt 00:00:03]} 72. Kc6 {[%clk 00:06:03]} {[%emt 00:00:11]}
Ke8 {[%clk 00:39:49]} {[%emt 00:00:01]} 73. Kd6 {[%clk 00:06:22]} {[%emt
00:00:11]} Kf8 {[%clk 00:40:17]} {[%emt 00:00:01]} 74. Ra7 {[%clk 00:06:41]}
{[%emt 00:00:12]} Ke8 {[%clk 00:40:45]} {[%emt 00:00:03]} 75. Rb7 {[%clk
00:07:03]} {[%emt 00:00:08]} Kf8 {[%clk 00:41:13]} {[%emt 00:00:01]} 76. Ke6
{[%clk 00:07:21]} {[%emt 00:00:11]} Kg8 {[%clk 00:41:30]} {[%emt 00:00:13]} 77.
Kf6 {[%clk 00:07:39]} {[%emt 00:00:12]} Kh8 {[%clk 00:41:58]} {[%emt 00:00:03]}
78. Kg6 {[%clk 00:08:01]} {[%emt 00:00:08]} Kg8 {[%clk 00:42:27]} {[%emt
00:00:01]} 79. Rb8# {[%clk 00:08:24]} {[%emt 00:00:07]} 1-0

[Event "DEM U12w 2023"]
[Site "Willingen GER"]
[Date "2023.06.03"]
[Round "9"]
[White "Bakó, Isabella"]
[Black "Kovalskyy, Alicia"]
[Result "0-1"]
[Termination "normal"]
[Board "4"]
[WhiteElo "1214"]
[BlackElo "1496"]
[WhiteClock "00:07:23"]
[BlackClock "00:16:32"]
[PlyCount "70"]
[WhiteFideId "16287266"]
[BlackFideId "34612130"]
[EventCountry "GER"]
[EventRounds "9"]
[EventType "swiss"]
[EventDate "2023.05.27"]

1. e4 {[%clk 01:30:55]} {[%emt 00:00:04]} e5 {[%clk 01:30:56]} {[%emt
00:00:04]} 2. Nf3 {[%clk 01:31:15]} {[%emt 00:00:10]} Nc6 {[%clk 01:31:23]}
{[%emt 00:00:04]} 3. Bb5 {[%clk 01:31:28]} {[%emt 00:00:17]} a6 {[%clk
01:31:48]} {[%emt 00:00:05]} 4. Ba4 {[%clk 01:31:50]} {[%emt 00:00:08]} Nf6
{[%clk 01:32:13]} {[%emt 00:00:05]} 5. d3 {[%clk 01:31:34]} {[%emt 00:00:46]}
Bc5 {[%clk 01:31:24]} {[%emt 00:01:19]} 6. O-O {[%clk 01:21:52]} {[%emt
00:10:11]} b5 {[%clk 01:29:41]} {[%emt 00:02:13]} 7. Bb3 {[%clk 01:22:00]}
{[%emt 00:00:23]} d6 {[%clk 01:29:47]} {[%emt 00:00:25]} 8. a4 {[%clk
01:17:26]} {[%emt 00:05:03]} Bb7 {[%clk 01:19:59]} {[%emt 00:10:18]} 9. Nc3
{[%clk 01:16:14]} {[%emt 00:01:42]} b4 {[%clk 01:11:41]} {[%emt 00:08:48]} 10.
Ne2 {[%clk 01:13:46]} {[%emt 00:02:58]} a5 {[%clk 01:07:38]} {[%emt 00:04:33]}
11. Bg5 {[%clk 00:58:39]} {[%emt 00:15:35]} h6 {[%clk 01:06:19]} {[%emt
00:01:50]} 12. Bh4 {[%clk 00:53:12]} {[%emt 00:05:57]} g5 {[%clk 00:54:42]}
{[%emt 00:12:07]} 13. Bg3 {[%clk 00:52:50]} {[%emt 00:00:53]} Rg8 {[%clk
00:52:19]} {[%emt 00:02:51]} 14. Qd2 {[%clk 00:43:51]} {[%emt 00:09:31]} Nh7
{[%clk 00:47:09]} {[%emt 00:05:40]} 15. h4 {[%clk 00:38:02]} {[%emt 00:06:19]}
Qf6 {[%clk 00:43:26]} {[%emt 00:04:13]} 16. h5 {[%clk 00:26:53]} {[%emt
00:11:38]} g4 {[%clk 00:39:30]} {[%emt 00:04:26]} 17. Nh4 {[%clk 00:25:04]}
{[%emt 00:02:19]} Ng5 {[%clk 00:38:15]} {[%emt 00:01:46]} 18. Nf5 {[%clk
00:22:28]} {[%emt 00:03:06]} Bc8 {[%clk 00:30:39]} {[%emt 00:08:05]} 19. Bh4
{[%clk 00:17:40]} {[%emt 00:05:18]} Bxf5 {[%clk 00:28:43]} {[%emt 00:02:26]}
20. Bxg5 {[%clk 00:17:44]} {[%emt 00:00:25]} Rxg5 {[%clk 00:28:36]} {[%emt
00:00:38]} 21. exf5 {[%clk 00:17:38]} {[%emt 00:00:37]} g3 {[%clk 00:25:57]}
{[%emt 00:03:08]} 22. d4 {[%clk 00:13:44]} {[%emt 00:04:24]} Nxd4 {[%clk
00:25:29]} {[%emt 00:00:58]} 23. Bd5 {[%clk 00:10:25]} {[%emt 00:03:50]} gxf2+
{[%clk 00:21:34]} {[%emt 00:04:25]} 24. Rxf2 {[%clk 00:10:32]} {[%emt
00:00:22]} Nxe2+ {[%clk 00:21:03]} {[%emt 00:01:01]} 25. Qxe2 {[%clk 00:09:57]}
{[%emt 00:01:05]} Bxf2+ {[%clk 00:19:01]} {[%emt 00:02:31]} 26. Qxf2 {[%clk
00:09:30]} {[%emt 00:00:58]} Rxf5 {[%clk 00:16:39]} {[%emt 00:02:52]} 27. Qe2
{[%clk 00:08:39]} {[%emt 00:01:20]} Rb8 {[%clk 00:15:55]} {[%emt 00:01:16]} 28.
Qa6 {[%clk 00:07:45]} {[%emt 00:01:22]} e4 {[%clk 00:15:25]} {[%emt 00:01:01]}
29. Bc6+ {[%clk 00:07:13]} {[%emt 00:01:02]} Ke7 {[%clk 00:15:24]} {[%emt
00:00:30]} 30. Qa7 {[%clk 00:07:05]} {[%emt 00:00:40]} Rc8 {[%clk 00:15:24]}
{[%emt 00:00:30]} 31. Qb7 {[%clk 00:07:04]} {[%emt 00:00:30]} Qd4+ {[%clk
00:15:44]} {[%emt 00:00:10]} 32. Kh2 {[%clk 00:07:01]} {[%emt 00:00:34]} Rxh5+
{[%clk 00:16:00]} {[%emt 00:00:13]} 33. Kg3 {[%clk 00:07:25]} {[%emt 00:00:07]}
Rg8+ {[%clk 00:16:19]} {[%emt 00:00:11]} 34. Kf4 {[%clk 00:07:43]} {[%emt
00:00:11]} Rh4+ {[%clk 00:16:32]} {[%emt 00:00:17]} 35. Kf5 {[%clk 00:07:23]}
{[%emt 00:00:50]} Rg5# {[%emt 00:00:13]} 0-1